Doing theology when God is forgotten : the theological achievement of wolf Krötke (Record no. 152538)

MARC details
000 -LEADER
fixed length control field 00683nam a2200217Ia 4500
008 - FIXED-LENGTH DATA ELEMENTS--GENERAL INFORMATION
fixed length control field 191130s2007##################000#0#eng##
020 ## - INTERNATIONAL STANDARD BOOK NUMBER
ISBN 9780820478746
082 ## - DEWEY DECIMAL CLASSIFICATION NUMBER
Classification number 230.044092 ZIE
100 ## - MAIN ENTRY--AUTHOR NAME
Personal name Ziegler, Philip Gordon
245 ## - TITLE STATEMENT
Title Doing theology when God is forgotten : the theological achievement of wolf Krötke
Statement of responsibility, etc Philip G. Ziegler
260 ## - PUBLICATION, DISTRIBUTION, ETC. (IMPRINT)
Place of publication Bern
Name of publisher Peter Lang
Year of publication c2007
300 ## - PHYSICAL DESCRIPTION
Number of Pages viii, 253 p. ; 24 cm
500 ## - GENERAL NOTE
General note Includes bibliographical references (p. [233]-248) and index
650 ## - SUBJECT ADDED ENTRY--TOPICAL TERM
Topical Term Krötke, Wolf
Topical Term Theology
991 ## -
-- 94170
Holdings
Withdrawn status Lost status Damaged status Not for loan Home library Current library Shelving location Date acquired Full call number Accession Number Price effective from Koha item type
        Anna Centenary Library Anna Centenary Library 3RD FLOOR, B WING 12.10.2020 230.044092 ZIE 215641 12.10.2020 English Books

Find us on the map